| 000 | 00467nam a22001577a 4500 | ||
|---|---|---|---|
| 005 | 20120615110531.0 | ||
| 020 |
_a0140298657 _cRs.395.00 (pbk) |
||
| 035 | _aB-90311 | ||
| 037 |
_aDPL _bENG |
||
| 100 |
_aAlbuquerque, Usha _949129 |
||
| 245 |
_aThe penguin India career guide / _cby Usha Albuquerque |
||
| 250 | _aVol.II the sciences | ||
| 260 |
_aNew Delhi _bPenguin Books _c2000 |
||
| 300 |
_avii, 447p. _c20 cms. |
||
| 942 |
_2ddc _cEN _h370.113 _mALB |
||
| 999 |
_c67955 _d67955 |
||